Fußball Trivia Teil 3 - schwer - Statistiken

Allgemein
  • Dieses Quiz wurde 64 mal gespielt
  • Das Durchschnittsergebnis liegt bei 3 aus 10
Antwortstatistiken
Tipps und Fakten Gesuchte Antwort % Korrekt
9 Wie hieß die erste Schiedsrichterin der Bundesliga Geschichte Bibiana Steinhaus
77%
6 Hmm das nennt wohl Zufall.. Wen foulte Nigel De Jong im WM Finale 2010 ebenfalls per Kung-Fu Tritt und bekam nur gelb? Xabi Alonso
57%
3 Rekordspieler der Champions League? Iker Casillas
45%
5 Am Abend des 7. Mai 2008 in Hamburg konnte er von Glück reden, dass er seinen Kopf auf den Schultern behielt. Wen foulte Tim Wiese mit einem Kung-Fu Tritt und bekam nur gelb? Ivica Olic
29%
8 Als Nichtangriffspakt von Gijón, auch Schande von Gijón, wird das Fußballspiel zwischen der deutschen und der österreichischen Nationalmannschaft bei der Fußball-Weltmeisterschaft 1982 in Spanien bezeichnet. Das Spiel fand am 25. Juni 1982 in Gijón statt und endete mit 1:0 für die Bundesrepublik Deutschland. Welche Nation wurde durch das fragwürdige Verhalten benachteiligt? Algerien
27%
2 Geschichten wiederholen sich. Wie hieß der Trainer den Thomas Tuchel während der Saison des zweiten Champions League Titels Chelsea beerbte? Frank Lampard
25%
10 Wie heißt der Spieler nach dem Regel benannt ist, das Spieler am Ende Ihres Vertrages ablösefrei wechseln dürfen? Jean-Marc Bosman
25%
7 Kürzester Nachname in der Bundesliga Geschichte? Einer hieß Jürgen Ey und der andere? Demba Ba
20%
4 Jüngster Torschütze in einem Champions League Finale? Tipp (1995) Patrick Kluivert
13%
1 Der Chelsea Trainer des ersten Champions-League Titel hieß Roberto Di Matteo? Wie hieß der vorherige Trainer der während der Saison entlassen wurde? Andre Villas-Boas
11%
Keine übereinstimmenden Quizze gefunden
Verteilung der Resultate
Anzahl Personen mit jedem Resultat
Perzentil nach korrekt beantworteten Fragen
Ihre Resultats-Entwicklung
Sie haben dieses Quiz noch nicht gespielt